Strata 300 pracovných príležitosti hrozí v prípade, ak štát nezvýši investície do diaľnic Stavbári protestovali v Bratislave

Bibliographic Details
Main Authors: Jurkovičová, Klaudia (Author), Filipko, Richard (Author)
Corporate Author: Inžinierske stavby (Košice, Slovensko) (Author)
Format: Article
Language:Slovak
Subjects:

MARC

LEADER 00000nab a2200000 a 4500
001 vtls000900700
003 SK-MaSNL
005 20260305020242.0
008 040720e19990519xo 0 slo
035 |a KE9692 
040 |a KEVKJB  |b slo  |c KEVKJB  |e AACR2 
041 0 |a slo 
044 |a xo  |c SK 
080 |a 624.1  |2 1981 
100 1 |a Jurkovičová, Klaudia  |4 aut  |9 877349 
245 1 0 |a Strata 300 pracovných príležitosti hrozí v prípade, ak štát nezvýši investície do diaľnic  |b Stavbári protestovali v Bratislave 
300 |b 1 foto 
610 2 7 |a Inžinierske stavby (Košice, Slovensko)  |2 KEVKJB  |9 29616 
650 0 7 |a stavební robotníci  |2 KEVKJB  |9 30248 
650 0 7 |a nezamestnanosť  |2 KEVKJB  |9 4271 
650 0 7 |a financie  |2 KEVKJB  |9 2205 
650 0 7 |a obmedzenie  |2 KEVKJB  |9 863381 
650 0 7 |a mítingy protestné  |2 KEVKJB  |9 886722 
651 7 |a Košice (Slovensko)  |2 KEVKJB  |9 18694 
651 7 |a KE,  |2 KEVKJB  |9 877256 
655 7 |a periodikum  |2 snkbucl  |9 29553 
700 1 0 |a Filipko, Richard  |4 aut  |9 217228 
710 2 |a Inžinierske stavby (Košice, Slovensko)  |4 aut  |9 29616 
773 0 8 |t Korzár  |g Roč. 2, č.113, 19.5.1999, s. 2 
852 |a ZVYKNI  |b KIS3GCP 
999 |c 3279721  |d 3281651